| 000 | 01610nam a22004337a 4500 | ||
|---|---|---|---|
| 003 | CHAP | ||
| 005 | 20220720183023.0 | ||
| 008 | 070830s2007 mx r 00010 spa d | ||
| 010 | _a93936 | ||
| 011 | _a94908 | ||
| 035 | _a105507 | ||
| 040 | _cCHAP | ||
| 090 | _aTesis | ||
| 100 | 1 |
_aCruz Cruz, Fabiola _929347 |
|
| 245 | 1 | 0 |
_aConservación de tomate de cáscara (Physalis ixocarpa Brot.) en atmósfera modificada _c/por Fabiola Cruz Cruz y José Armando Chan Chi |
| 260 |
_aChapingo, Méx. : _bEl autor, _c2007 |
||
| 300 |
_a61 h.: _bgráfs. ; cuadros |
||
| 502 | _aTesis (Ing. Agroindustrial) -- UACH. Departamento de Ingeniería Agroindustrial | ||
| 530 | _aTambién disponible en línea | ||
| 590 |
_aALEPH _b10 _c20130110 _lUCH01 _h1519 |
||
| 590 |
_aBATCH-UPD _b10 _c20130110 _lUCH01 _h0500 |
||
| 590 |
_aBATCH-UPD _b10 _c20130410 _lUCH01 _h0138 |
||
| 590 |
_aBATCH-UPD _b10 _c20130914 _lUCH01 _h0918 |
||
| 590 |
_aBATCH-UPD _b10 _c20140324 _lUCH01 _h1504 |
||
| 590 |
_aBATCH-UPD _b10 _c20141002 _lUCH01 _h0834 |
||
| 590 |
_aBATCH _b00 _c20181121 _lUCH01 _h0759 |
||
| 590 |
_aCONVERSION _b10 _c20130109 _lUCH01 _h1352 |
||
| 650 | 1 | 4 |
_aPlásticos en agricultura. _989199 |
| 650 | 1 | 4 |
_aTomate verde. _9113796 |
| 650 | 1 | 4 |
_aTomate verde _xMejoramiento. _9113825 |
| 700 | 1 |
_aChán Chi, José Armando _921804 |
|
| 856 |
_3Finding aid _uhttp://10.13.5.2/tesis/105507.pdf _zTeclea aqui |
||
| 856 |
_a1 _n0001551 |
||
| 901 | _aBK | ||
| 905 | _aLuisgm | ||
| 942 | _cFOLL | ||
| 949 |
_aTesis _bBC _cTES _d33724002032561 _eTS2 _fc.2 _h46914 _i105507 _si |
||
| 949 |
_aTesis _bBC _cTES _d33724002032603 _eTS1 _h46913 _i105507 _sb |
||
| 999 |
_c93936 _d93936 |
||